[Event "Havana Provincial"]
[Site "Havana"]
[Date "1999.??.??"]
[Round "?"]
[White "Elissalt Cardenas, Hector"]
[Black "Poyato, Antonio"]
[Result "0-1"]
[WhiteElo "2285"]
[BlackElo "2205"]
[PlyCount "73"]
[EventDate "1999.??.??"]
[EventType "tourn"]
[EventRounds "15"]
[EventCountry "CUB"]
[SourceTitle "EXT 2000"]
[Source "ChessBase"]
[SourceDate "1999.11.16"]
[SourceVersion "1"]
[SourceVersionDate "1999.11.16"]
[SourceQuality "1"]

1. d4 d5 2. c4 e6 3. Nc3 Be7 4. cxd5 exd5 5. Nf3 Nf6 6. Bg5 0-0 7. e3 c6 8. Bd3 Re8 9. Qc2 Ne4 10. Bxe7 Qxe7 11. Bxe4 dxe4 12. Nd2 Bf5 13. 0-0 Na6 14. a3 Qe6 15. Qb3 Qg6 16. Kh1 b6 17. Ne2 Nc7 18. Nf4 Qh6 19. Rac1 g5 20. Ne2 Bd7 21. Ng3 Nd5 22. Ndxe4 f5 23. Nc3 Be6 24. Qd1 f4 25. exf4 Nxf4 26. Nce4 Bd5 27. f3 Re6 28. Qd2 Rf8 29. Kg1 g4 30. Kh1 gxf3 31. gxf3 Kh8 32. Rce1 Rg6 33. Rg1 Qh4 34. Re3 Rh6 35. Nc3 Nh3 36. Rf1 Bc4 37. Re4 0-1

[Event "Havana Provincial"]
[Site "Havana"]
[Date "1999.??.??"]
[Round "?"]
[White "Ibanez Milian, Dagoberto"]
[Black "Poyato, Antonio"]
[Result "1/2-1/2"]
[WhiteElo "2235"]
[BlackElo "2205"]
[PlyCount "46"]
[EventDate "1999.??.??"]
[EventType "tourn"]
[EventRounds "15"]
[EventCountry "CUB"]
[SourceTitle "EXT 2000"]
[Source "ChessBase"]
[SourceDate "1999.11.16"]
[SourceVersion "1"]
[SourceVersionDate "1999.11.16"]
[SourceQuality "1"]

1. e4 c5 2. Nf3 d6 3. Bb5+ Bd7 4. Bxd7+ Qxd7 5. 0-0 g6 6. c3 Bg7 7. d4 cxd4 8. cxd4 Nf6 9. Nc3 0-0 10. Re1 Na6 11. h3 Nc7 12. Qb3 e6 13. Bf4 Rfc8 14. Rad1 Bf8 15. Ne5 Qe8 16. Nd3 b6 17. e5 Nfd5 18. Ne4 dxe5 19. dxe5 Qb5 20. Qxb5 Nxb5 21. Bg3 Rc2 22. Rc1 Rac8 23. Rxc2 Rxc2 1/2-1/2

[Event "Havana Provincial"]
[Site "Havana"]
[Date "1999.??.??"]
[Round "?"]
[White "Poyato, Antonio"]
[Black "Garcia Carey, Osmel"]
[Result "1-0"]
[WhiteElo "2205"]
[BlackElo "2350"]
[PlyCount "79"]
[EventDate "1999.??.??"]
[EventType "tourn"]
[EventRounds "15"]
[EventCountry "CUB"]
[SourceTitle "EXT 2000"]
[Source "ChessBase"]
[SourceDate "1999.11.16"]
[SourceVersion "1"]
[SourceVersionDate "1999.11.16"]
[SourceQuality "1"]

1. Nf3 c5 2. c4 Nf6 3. g3 b6 4. Bg2 Bb7 5. 0-0 e6 6. Nc3 Be7 7. Re1 d6 8. e4 Nbd7 9. d4 cxd4 10. Nxd4 Qc7 11. b3 a6 12. Bb2 0-0 13. Rc1 Rfe8 14. Nd5 exd5 15. cxd5 Nc5 16. b4 Bf8 17. bxc5 bxc5 18. Nf5 Bc8 19. Qf3 Bxf5 20. Qxf5 Rab8 21. Ba1 Nd7 22. Bf1 Ne5 23. Qh5 Qa5 24. f4 Nd7 25. Qe2 Rb6 26. e5 Qa3 27. Bh3 Nf6 28. Qd1 dxe5 29. fxe5 Nh5 30. Qxh5 Rh6 31. Qg4 c4 32. Bg2 Bc5+ 33. Kh1 Bf2 34. Rc3 Qc5 35. Rf1 Bd4 36. Qd7 Rf8 37. Rcf3 f6 38. Bxd4 Qxd4 39. e6 Qe5 40. e7 1-0

[Event "Havana Provincial"]
[Site "Havana"]
[Date "1999.??.??"]
[Round "?"]
[White "Poyato, Antonio"]
[Black "Gonzalez Vidal, Yuri"]
[Result "0-1"]
[WhiteElo "2205"]
[BlackElo "2385"]
[PlyCount "62"]
[EventDate "1999.??.??"]
[EventType "tourn"]
[EventRounds "15"]
[EventCountry "CUB"]
[SourceTitle "EXT 2000"]
[Source "ChessBase"]
[SourceDate "1999.11.16"]
[SourceVersion "1"]
[SourceVersionDate "1999.11.16"]
[SourceQuality "1"]

1. c4 c5 2. Nf3 Nf6 3. g3 g6 4. Bg2 Bg7 5. Nc3 Nc6 6. d3 0-0 7. e4 a6 8. h3 b5 9. e5 Ne8 10. 0-0 Rb8 11. Re1 d6 12. Bf4 bxc4 13. exd6 Nxd6 14. dxc4 Rxb2 15. Nd5 Nxc4 16. Nxe7+ Nxe7 17. Qxd8 Rxd8 18. Rac1 Be6 19. Ng5 Bd4 20. Nxe6 fxe6 21. Rxe6 Kf7 22. Rxa6 Rxf2 23. Kh1 Ne3 24. Be4 N3f5 25. Bd3 g5 26. Bc4+ Kg7 27. Bc7 Rd7 28. Bb8 Rb7 29. g4 Rxb8 30. gxf5 Rbb2 31. f6+ Bxf6 0-1

[Event "Havana Provincial sf"]
[Site "Havana"]
[Date "1999.??.??"]
[Round "?"]
[White "Pulido Alvarez, Ariel"]
[Black "Poyato, Antonio"]
[Result "0-1"]
[WhiteElo "2205"]
[BlackElo "2208"]
[PlyCount "87"]
[EventDate "1999.??.??"]
[EventType "swiss"]
[EventRounds "9"]
[EventCountry "CUB"]
[SourceTitle "EXT 2001"]
[Source "ChessBase"]
[SourceDate "2000.11.22"]
[SourceVersion "1"]
[SourceVersionDate "2000.11.22"]
[SourceQuality "1"]

1. e4 d5 2. exd5 Nf6 3. d4 Nxd5 4. Nf3 g6 5. Be2 Bg7 6. 0-0 0-0 7. c4 Nb6 8. Nbd2 Bf5 9. Nb3 a5 10. Be3 Nc6 11. Qd2 Bg4 12. c5 Nd5 13. a4 Nxe3 14. fxe3 Qd5 15. Ra3 e5 16. h3 Bf5 17. Bb5 exd4 18. Bxc6 bxc6 19. exd4 Be4 20. Kh1 Rfd8 21. Nxa5 Bxd4 22. Nb7 Rd7 23. b4 Rb8 24. Na5 Bg7 25. Qxd5 Bxd5 26. Rb1 Be4 27. Re1 f5 28. Ng5 Bd5 29. b5 cxb5 30. c6 Rd6 31. axb5 Rxb5 32. Re8+ Bf8 33. Nxh7 Rb1+ 34. Kh2 Rb2 35. Rxf8+ Kxh7 36. Rg3 Ra2 37. Nb7 Rxc6 38. Rd8 Rd2 39. Rd7+ Kh6 40. Nd8 Rcc2 41. Nf7+ Kg7 42. Ng5+ Kf6 43. Nh7+ Ke5 44. Rxd5+ 0-1